[Event "PRO League Group Stage"]
[Site "chess.com INT"]
[Date "2019.01.23"]
[Round "3"]
[White "Liang, Awonder"]
[Black "Guseinov, Gadir"]
[Result "0-1"]
[WhiteTitle "GM"]
[BlackTitle "GM"]
[WhiteElo "2589"]
[BlackElo "2664"]
[WhiteTeam "Pittsburgh Pawngrabbers"]
[BlackTeam "Montclair Sopranos"]
[WhiteFideId "2056437"]
[BlackFideId "13401378"]
[EventDate "2019.01.08"]

1. e4 c5 2. Nf3 g6 3. d4 cxd4 4. Nxd4 Nc6 5. c4 Nf6 6. Nc3 Nxd4 7. Qxd4 d6 8.
Be3 Bg7 9. f3 O-O 10. Qd2 Be6 11. Be2 Qa5 12. O-O Rfc8 13. b3 a6 14. Rab1 b5 15.
b4 Qc7 16. c5 dxc5 17. bxc5 Qa5 18. Rfc1 Nd7 19. Bd4 Bxd4+ 20. Qxd4 Rxc5 21. Nd5
Bxd5 22. Rxc5 Nxc5 23. Qxd5 Rc8 24. Rc1 Qa3 25. Qd2 Kg7 26. Rc2 e5 27. h4 h5 28.
Kh2 Qa4 29. Qc1 Qd4 30. Bf1 Rc7 31. Qe1 Rd7 32. Qc1 Ne6 33. g3 Qd1 34. Qxd1 Rxd1
35. Be2 Ra1 36. Kg2 Nd4 37. Rb2 Re1 38. Kf2 Rxe2+ 39. Rxe2 Nxe2 40. Kxe2 Kf6 41.
Kd3 Ke6 42. Kc3 a5 0-1

[Event "PRO League Group Stage"]
[Site "chess.com INT"]
[Date "2019.01.23"]
[Round "3"]
[White "Postny, Evgeny"]
[Black "Sevian, Samuel"]
[Result "1-0"]
[WhiteTitle "GM"]
[BlackTitle "GM"]
[WhiteElo "2623"]
[BlackElo "2647"]
[WhiteTeam "Pittsburgh Pawngrabbers"]
[BlackTeam "Montclair Sopranos"]
[WhiteFideId "2804344"]
[BlackFideId "2040506"]
[EventDate "2019.01.08"]

1. d4 f5 2. g3 Nf6 3. Bg2 g6 4. c4 Bg7 5. Nc3 O-O 6. Nh3 Nc6 7. O-O d6 8. d5 Na5
9. Qd3 e5 10. dxe6 Bxe6 11. b3 h6 12. Nf4 Bf7 13. Bb2 Nc6 14. Rad1 Re8 15. Qb1
Ng4 16. Bd5 Nge5 17. Bxf7+ Kxf7 18. c5 a6 19. cxd6 cxd6 20. Rd2 Qa5 21. Rxd6
Rad8 22. Rd5 Rxd5 23. Ncxd5 Kg8 24. Rd1 h5 25. Qa1 Rd8 26. a4 Rd7 27. b4 Qd8 28.
Ne6 Qb8 29. Nxg7 Rxg7 30. b5 axb5 31. axb5 1-0

[Event "PRO League Group Stage"]
[Site "chess.com INT"]
[Date "2019.01.23"]
[Round "3"]
[White "Lenderman, Aleksandr"]
[Black "Yu, Jennifer"]
[Result "1-0"]
[WhiteTitle "GM"]
[BlackTitle "FM"]
[WhiteElo "2637"]
[BlackElo "2313"]
[WhiteTeam "Montclair Sopranos"]
[BlackTeam "Pittsburgh Pawngrabbers"]
[WhiteFideId "2021285"]
[BlackFideId "2078341"]
[EventDate "2019.01.08"]

1. Nf3 d5 2. e3 Nf6 3. c4 c6 4. Nc3 g6 5. d4 Bg7 6. Be2 O-O 7. O-O Bg4 8. cxd5
cxd5 9. Qb3 Bc8 10. Bd2 Nc6 11. Rfc1 e6 12. Be1 Bd7 13. Qxb7 Rb8 14. Qa6 Rxb2
15. Qa3 Qb8 16. Rab1 Rb6 17. Rxb6 axb6 18. Rb1 Qb7 19. Qb2 Rb8 20. Bb5 Bf8 21.
h3 Qa8 22. Qe2 Na7 23. Bd3 b5 24. Ne5 b4 25. Nxd7 Nxd7 26. Nb5 Nxb5 27. Bxb5 Qb7
28. Bd3 Qc6 29. Qc2 Qxc2 30. Bxc2 Ra8 31. Bb3 Rc8 32. Kf1 Nb6 33. Ke2 Nc4 34.
Rc1 Kg7 35. Rc2 Ra8 36. Kd3 Ra3 37. Rxc4 dxc4+ 38. Kxc4 Ra8 39. Bxb4 Rc8+ 40.
Bc5 Kf6 41. Kb5 Bxc5 42. dxc5 Ke7 43. Kb6 Rb8+ 44. Kc7 Rb5 45. c6 f6 46. e4 g5
47. f3 h6 48. g3 h5 49. h4 g4 50. fxg4 hxg4 51. Bd1 f5 52. exf5 exf5 53. a4 Rb2
54. a5 f4 55. gxf4 g3 56. Bf3 Ra2 57. Kb7 Kd6 58. c7 Rb2+ 59. Kc8 Rc2 60. a6
Rxc7+ 61. Kb8 Rg7 62. a7 g2 63. Bxg2 Rxg2 64. a8=Q Rg8+ 65. Ka7 Rxa8+ 66. Kxa8
Ke6 67. h5 Kf5 68. Kb7 Kf6 69. Kc6 Kg7 70. f5 Kh6 71. f6 1-0

[Event "PRO League Group Stage"]
[Site "chess.com INT"]
[Date "2019.01.23"]
[Round "3"]
[White "Smith, Daniel"]
[Black "Shabalov, Alexander"]
[Result "1-0"]
[BlackTitle "GM"]
[WhiteElo "2047"]
[BlackElo "2529"]
[WhiteTeam "Montclair Sopranos"]
[BlackTeam "Pittsburgh Pawngrabbers"]
[WhiteFideId "2024195"]
[BlackFideId "2008572"]
[EventDate "2019.01.08"]

1. e4 Nf6 2. e5 Nd5 3. c4 Nb6 4. c5 Nd5 5. Bc4 c6 6. Nc3 Nxc3 7. dxc3 e6 8. b4
b6 9. cxb6 axb6 10. Be3 Ba6 11. Bxa6 Nxa6 12. Nf3 Be7 13. Qd4 c5 14. Qg4 Kf8 15.
b5 Nc7 16. c4 Ra4 17. Qe4 f5 18. Qc2 Qa8 19. O-O Kf7 20. Rfd1 Rd8 21. Rd2 h6 22.
Rad1 Ke8 23. h4 Rb4 24. Rd3 Qa4 25. Qd2 Rxc4 26. Rxd7 Qxd1+ 27. Qxd1 Rxd7 28.
Qe2 Rb4 29. Bd2 Rb1+ 30. Kh2 Nxb5 31. g4 Nd4 32. Nxd4 Rxd4 33. gxf5 Rxh4+ 34.
Kg2 exf5 35. Qa6 Rd4 36. Bc3 Rd8 37. e6 Kf8 38. Qb7 Rbd1 39. Bxg7+ Kxg7 40.
Qxe7+ Kg6 41. Qf7+ Kg5 42. e7 Rc8 43. e8=Q Rxe8 44. Qxe8 Rd4 45. Qe7+ Kh5 46.
Qf7+ Kg5 47. Qg7+ Kh5 48. Kf3 1-0

[Event "PRO League Group Stage"]
[Site "chess.com INT"]
[Date "2019.01.23"]
[Round "3"]
[White "So, Wesley"]
[Black "Saric, Ivan"]
[Result "1-0"]
[WhiteTitle "GM"]
[BlackTitle "GM"]
[WhiteElo "2765"]
[BlackElo "2690"]
[WhiteTeam "Saint Louis Arch Bishops"]
[BlackTeam "Montreal Chessbrahs"]
[WhiteFideId "5202213"]
[BlackFideId "14508150"]
[EventDate "2019.01.08"]

1. c4 e5 2. Nc3 Bb4 3. Nd5 Bc5 4. Nf3 c6 5. Nc3 d6 6. d4 exd4 7. Nxd4 Nf6 8. a3
d5 9. cxd5 Nxd5 10. Nb3 Bb6 11. Nxd5 cxd5 12. g3 Nc6 13. Bg2 Be6 14. O-O Qf6 15.
a4 a5 16. Nd2 O-O 17. Nf3 h6 18. Bd2 Bc5 19. Rc1 b6 20. Ne1 Ne5 21. Bc3 d4 22.
Bd2 Bg4 23. Bxa8 Rxa8 24. Bf4 Re8 25. Bxe5 Rxe5 26. Rc2 Qe7 27. Nf3 Rd5 28. Rd2
Qf6 29. Qb3 Rf5 30. Rd3 Rh5 31. Qb5 Qe6 32. Qb3 Qd7 33. h4 Qe7 34. Nxd4 g5 35.
Nf3 gxh4 36. Nxh4 Bxe2 37. Re1 Re5 38. Rd2 Bc4 39. Rxe5 Qxe5 40. Qc3 Qe1+ 41.
Kh2 1-0

[Event "PRO League Group Stage"]
[Site "chess.com INT"]
[Date "2019.01.23"]
[Round "3"]
[White "Caruana, Fabiano"]
[Black "Hansen, Eric"]
[Result "1-0"]
[WhiteTitle "GM"]
[BlackTitle "GM"]
[WhiteElo "2828"]
[BlackElo "2615"]
[WhiteTeam "Saint Louis Arch Bishops"]
[BlackTeam "Montreal Chessbrahs"]
[WhiteFideId "2020009"]
[BlackFideId "2606771"]
[EventDate "2019.01.08"]

1. e4 e5 2. Nf3 Nc6 3. Bb5 a6 4. Ba4 Nf6 5. O-O Be7 6. Re1 b5 7. Bb3 d6 8. a4
Bd7 9. c3 O-O 10. d4 h6 11. Nbd2 Re8 12. Nf1 Bf8 13. Ng3 Na5 14. Bc2 c5 15. h3
Qc7 16. d5 c4 17. Nh4 g6 18. Be3 Nb7 19. Qd2 Kh7 20. Rf1 Qd8 21. axb5 axb5 22.
Rxa8 Qxa8 23. f4 Bg7 24. f5 g5 25. Nf3 Nc5 26. Nh2 Bc8 27. Qe2 Ncd7 28. b3 cxb3
29. Bxb3 Qa5 30. Qb2 Nc5 31. Ra1 Qc7 32. Bc2 Bd7 33. Qb4 Rc8 34. c4 bxc4 35.
Qxc4 Rb8 36. Ng4 Nxg4 37. hxg4 Bf6 38. Nh5 Be7 39. Bxc5 Rc8 40. Ra6 Kg8 41. Bb3
Qb7 42. Ra7 Qxa7 43. Bxa7 1-0

[Event "PRO League Group Stage"]
[Site "chess.com INT"]
[Date "2019.01.23"]
[Round "3"]
[White "Thavandiran, Shiyam"]
[Black "Bloomer, Josh"]
[Result "1-0"]
[WhiteTitle "IM"]
[WhiteElo "2410"]
[BlackElo "1950"]
[WhiteTeam "Montreal Chessbrahs"]
[BlackTeam "Saint Louis Arch Bishops"]
[WhiteFideId "2605058"]
[BlackFideId "2020416"]
[EventDate "2019.01.08"]

1. e4 e5 2. Bc4 Nf6 3. d3 Nc6 4. Nc3 Na5 5. Nge2 Bc5 6. O-O d6 7. a3 Nxc4 8.
dxc4 Be6 9. Qd3 a5 10. b3 h6 11. h3 O-O 12. Kh2 Nd7 13. f4 f5 14. fxe5 Nxe5 15.
Qg3 Kh7 16. Bb2 Qg5 17. Nb5 Qxg3+ 18. Kxg3 Rac8 19. Nbd4 Bd7 20. exf5 Rce8 21.
a4 Re7 22. Rae1 Ref7 23. Ne6 Bxe6 24. fxe6 Rxf1 25. Rxf1 Rxf1 26. e7 Bf2+ 27.
Kh2 Bg1+ 28. Nxg1 Re1 29. e8=Q Ng4+ 30. hxg4 Rxe8 31. Kg3 Re1 32. Nf3 Re2 33.
Nd4 Rd2 34. Bc3 Rd1 35. Ne2 b6 36. Kf2 Kg8 37. Ke3 Kf7 38. Bd2 Rf1 39. Ng3 Ra1
40. Nf5 Ra2 41. Kd3 Ra1 42. Nxg7 Rg1 43. Nf5 Rxg2 44. Nxh6+ Kg6 45. g5 Rg3+ 46.
Be3 Rh3 47. Ng8 Rh2 48. Ne7+ Kf7 49. Nd5 c5 50. Nxb6 Ke6 51. Nd5 Rh1 52. Bd2
Rh3+ 53. Be3 Rg3 54. g6 Kd7 55. Nf4 Kc6 56. Ke2 Rg4 57. Kf3 Rg5 58. Bd2 Kb6 59.
Bc3 Rg1 60. g7 Kc6 61. Ng2 Rf1+ 62. Ke2 1-0

[Event "PRO League Group Stage"]
[Site "chess.com INT"]
[Date "2019.01.23"]
[Round "3"]
[White "Rodrigue-Lemieux, Shawn"]
[Black "Ali Marandi, Cemil Can"]
[Result "1-0"]
[WhiteTitle "FM"]
[BlackTitle "GM"]
[WhiteElo "2293"]
[BlackElo "2530"]
[WhiteTeam "Montreal Chessbrahs"]
[BlackTeam "Saint Louis Arch Bishops"]
[WhiteFideId "2620049"]
[BlackFideId "6300529"]
[EventDate "2019.01.08"]

1. e4 e6 2. d4 d5 3. Nd2 Be7 4. Ngf3 Nf6 5. Bd3 c5 6. e5 Nfd7 7. c3 Nc6 8. O-O
g5 9. Bb5 g4 10. Ne1 h5 11. Nd3 cxd4 12. Bxc6 bxc6 13. cxd4 c5 14. Nxc5 Nxc5 15.
dxc5 Bxc5 16. Nb3 Bb6 17. Be3 Bd7 18. Qd3 Bc7 19. Bd4 Rb8 20. Rfc1 a5 21. Nc5
Bb5 22. Qc2 Bb6 23. b3 Rc8 24. Qd2 Rg8 25. Nb7 Rxc1+ 26. Rxc1 Qd7 27. Nd6+ Ke7
28. Bxb6 h4 29. Rc7 1-0

[Event "PRO League Group Stage"]
[Site "chess.com INT"]
[Date "2019.01.23"]
[Round "3"]
[White "Moranda, Wojciech"]
[Black "Iturrizaga Bonelli, Eduardo"]
[Result "0-1"]
[WhiteTitle "GM"]
[BlackTitle "GM"]
[WhiteElo "2593"]
[BlackElo "2637"]
[WhiteTeam "New York Marshalls"]
[BlackTeam "Miami Champions"]
[WhiteFideId "1122401"]
[BlackFideId "3901211"]
[EventDate "2019.01.08"]

1. d4 Nf6 2. c4 e6 3. Nf3 b6 4. g3 Bb7 5. Bg2 c5 6. d5 exd5 7. cxd5 Bxd5 8. Nc3
Bc6 9. O-O Be7 10. e4 O-O 11. Re1 d6 12. Bf4 Nh5 13. Be3 Nd7 14. Qe2 Nhf6 15.
Bf4 Qc7 16. Rad1 Rfe8 17. e5 dxe5 18. Nxe5 Nxe5 19. Bxe5 Qc8 20. Bxc6 Qxc6 21.
Qb5 Qxb5 22. Nxb5 Red8 23. Rxd8+ Bxd8 24. b3 a6 25. Bxf6 Bxf6 26. Nc7 Rc8 27.
Nxa6 Kf8 28. a4 Bd8 29. Re5 Ra8 30. Rd5 Ke7 31. Re5+ Kd6 32. Re8 Kd7 33. Rf8 Ke7
34. Nc7 Rc8 35. Re8+ Kd7 36. Rg8 Rxc7 37. Rxg7 Ke7 38. Rxh7 c4 39. bxc4 Rxc4 0-1

[Event "PRO League Group Stage"]
[Site "chess.com INT"]
[Date "2019.01.23"]
[Round "3"]
[White "Azarov, Sergei"]
[Black "Gao, Rui"]
[Result "1/2-1/2"]
[WhiteTitle "GM"]
[BlackTitle "GM"]
[WhiteElo "2575"]
[BlackElo "2543"]
[WhiteTeam "New York Marshalls"]
[BlackTeam "Miami Champions"]
[WhiteFideId "13501470"]
[BlackFideId "8602387"]
[EventDate "2019.01.08"]

1. e4 e6 2. d4 d5 3. Nd2 c5 4. Ngf3 cxd4 5. Nxd4 Nf6 6. exd5 Nxd5 7. N2f3 Bb4+
8. Bd2 O-O 9. Bc4 Nc6 10. Bxb4 Ndxb4 11. O-O Nxd4 12. Nxd4 Qc7 13. Qe2 a6 14. c3
Nc6 15. Nxc6 Qxc6 16. Bd3 Bd7 17. Rad1 Rad8 18. Rd2 Qc7 19. Rfd1 Bc6 20. h3 g6
21. Be4 Bxe4 22. Qxe4 b5 23. g3 Rxd2 24. Rxd2 Rc8 25. h4 h5 26. a4 bxa4 27. Qxa4
Qb7 28. Qa5 Kg7 29. Qe5+ Kg8 30. Qf6 Qc7 31. b3 a5 32. c4 Rb8 33. Rd3 Rc8 34.
Qd4 Qb7 35. Qf6 Qc7 36. Qd4 Qb7 37. Qf6 Qc7 1/2-1/2

[Event "PRO League Group Stage"]
[Site "chess.com INT"]
[Date "2019.01.23"]
[Round "3"]
[White "Katz, Alexander"]
[Black "Bykhovsky, Anatoly"]
[Result "1-0"]
[WhiteTitle "IM"]
[BlackTitle "GM"]
[WhiteElo "2433"]
[BlackElo "2496"]
[WhiteTeam "Miami Champions"]
[BlackTeam "New York Marshalls"]
[WhiteFideId "2039796"]
[BlackFideId "2806991"]
[EventDate "2019.01.08"]

1. e4 c5 2. Nf3 e6 3. c3 Nf6 4. e5 Nd5 5. d4 cxd4 6. cxd4 d6 7. Bc4 Bd7 8. O-O
Bc6 9. Nc3 Nb6 10. Bb3 Bxf3 11. Qxf3 d5 12. a4 Nc6 13. Qd3 a6 14. f4 g6 15. Kh1
h5 16. Bd2 Rc8 17. a5 Nd7 18. f5 gxf5 19. Nxd5 Bg7 20. Qg3 Rg8 21. Nf4 Nxd4 22.
Nxh5 Nxb3 23. Bb4 Nbc5 24. Rad1 Qe7 25. Nf6+ Nxf6 26. exf6 Qxf6 27. Bxc5 Qe5 28.
Bd6 Qxg3 29. Bxg3 Bf6 30. Rf3 Rd8 31. Re1 Rd5 32. Rb3 Rb5 33. Rxb5 axb5 34. Rc1
Kd7 35. Rc7+ Kd8 36. Rxb7 Bxb2 37. Rb8+ 1-0

[Event "PRO League Group Stage"]
[Site "chess.com INT"]
[Date "2019.01.23"]
[Round "3"]
[White "Gulamali, Kazim"]
[Black "Jacobson, Aaron"]
[Result "1/2-1/2"]
[WhiteTitle "FM"]
[BlackTitle "FM"]
[WhiteElo "2308"]
[BlackElo "2286"]
[WhiteTeam "Miami Champions"]
[BlackTeam "New York Marshalls"]
[WhiteFideId "2024764"]
[BlackFideId "2089912"]
[EventDate "2019.01.08"]

1. Nf3 Nf6 2. g3 d5 3. Bg2 e6 4. O-O Be7 5. b3 O-O 6. Bb2 b6 7. c4 Bb7 8. cxd5
exd5 9. d4 Ne4 10. Nc3 Nxc3 11. Bxc3 Nd7 12. Rc1 Bd6 13. Qd2 a5 14. Ne5 Re8 15.
Nd3 Qe7 16. Rfe1 Nf6 17. Qg5 h6 18. Qh4 Kh7 19. Bd2 a4 20. b4 a3 21. Bf4 Ba6 22.
Ne5 Bb5 23. Nc6 Bxc6 24. Rxc6 Bxf4 25. Qxf4 Qxb4 26. Kf1 Re7 27. Rxf6 gxf6 28.
Bxd5 Rae8 29. Qf5+ Kg7 30. Qg4+ Kh8 31. Qf4 Kg7 32. Qg4+ Kh8 33. Qf4 Kg7 1/2-1/2

[Event "PRO League Group Stage"]
[Site "chess.com INT"]
[Date "2019.01.23"]
[Round "3"]
[White "Guseinov, Gadir"]
[Black "Postny, Evgeny"]
[Result "1/2-1/2"]
[WhiteTitle "GM"]
[BlackTitle "GM"]
[WhiteElo "2664"]
[BlackElo "2623"]
[WhiteTeam "Montclair Sopranos"]
[BlackTeam "Pittsburgh Pawngrabbers"]
[WhiteFideId "13401378"]
[BlackFideId "2804344"]
[EventDate "2019.01.08"]

1. e4 e5 2. Nf3 Nc6 3. Bb5 a6 4. Bxc6 dxc6 5. O-O Bg4 6. h3 h5 7. d3 Qf6 8. Nbd2
Ne7 9. Nc4 Bxf3 10. Qxf3 Qxf3 11. gxf3 Ng6 12. Rd1 c5 13. a4 b6 14. Kf1 Be7 15.
Ke2 Rd8 16. Rg1 Bf6 17. Be3 a5 18. Rg2 Nf8 19. f4 exf4 20. Bxf4 Ne6 21. Be3 g5
22. Rag1 Kd7 23. c3 Kc8 24. Nd2 Be7 25. Nf3 f6 26. e5 fxe5 27. Nxg5 Bxg5 28.
Bxg5 Rdf8 29. Be3 Kd7 30. Rg6 Rf5 31. Rg8 Rxg8 32. Rxg8 Ke7 33. Rh8 Kf7 34. Rh7+
Kg6 35. Rh6+ Kf7 36. h4 Ke7 37. Bg5+ Nxg5 38. Rxh5 Kf6 39. Rh6+ Ke7 40. hxg5
Rxg5 41. Ke3 Rg4 42. b3 Kd7 43. Rh7+ Kd6 44. Rh6+ Kd7 45. Rh7+ Kd6 46. Rh6+ Kd7
47. Rh7+ Kd6 48. Rh6+ Kd7 49. Rh7+ Kd6 1/2-1/2

[Event "PRO League Group Stage"]
[Site "chess.com INT"]
[Date "2019.01.23"]
[Round "3"]
[White "Sevian, Samuel"]
[Black "Liang, Awonder"]
[Result "1-0"]
[WhiteTitle "GM"]
[BlackTitle "GM"]
[WhiteElo "2647"]
[BlackElo "2589"]
[WhiteTeam "Montclair Sopranos"]
[BlackTeam "Pittsburgh Pawngrabbers"]
[WhiteFideId "2040506"]
[BlackFideId "2056437"]
[EventDate "2019.01.08"]

1. e4 c6 2. d4 d5 3. e5 Bf5 4. h4 h5 5. Bd3 Bxd3 6. Qxd3 Qa5+ 7. Nd2 e6 8. Nf3
Nd7 9. O-O Nh6 10. c4 Be7 11. cxd5 Qxd5 12. Ne4 Nf5 13. Nc3 Qa5 14. Bg5 Bxg5 15.
hxg5 O-O-O 16. b4 Qxb4 17. Rab1 Qa5 18. Qc2 Nb6 19. Rfd1 Kb8 20. Rb3 Rd7 21. Ne4
Rhd8 22. Rbd3 Rd5 23. Nc3 R5d7 24. Ne4 g6 25. Nf6 Rc7 26. Rc3 Qa4 27. Qd3 c5 28.
Ne4 Nxd4 29. Rb1 Nxf3+ 30. Qxf3 Rd5 31. Nd6 Rxe5 32. Qf6 Rd5 33. Qd8+ Rc8 34.
Qe7 Qd7 35. Qxd7 Nxd7 36. Rxb7+ Ka8 37. Rxd7 Rb8 38. Ra3 1-0

[Event "PRO League Group Stage"]
[Site "chess.com INT"]
[Date "2019.01.23"]
[Round "3"]
[White "Shabalov, Alexander"]
[Black "Lenderman, Aleksandr"]
[Result "0-1"]
[WhiteTitle "GM"]
[BlackTitle "GM"]
[WhiteElo "2529"]
[BlackElo "2637"]
[WhiteTeam "Pittsburgh Pawngrabbers"]
[BlackTeam "Montclair Sopranos"]
[WhiteFideId "2008572"]
[BlackFideId "2021285"]
[EventDate "2019.01.08"]

1. e4 e5 2. Nf3 Nf6 3. Nxe5 d6 4. Nc4 Nxe4 5. Qe2 Qe7 6. Ne3 Nc6 7. c3 Nf6 8. g3
g6 9. Bg2 Bg7 10. d4 O-O 11. Nd2 Re8 12. O-O Qd8 13. Qb5 Ne7 14. d5 Nf5 15. Ndc4
a6 16. Qb3 Ne4 17. Qd1 Nc5 18. Bd2 Bd7 19. Qc2 Nxe3 20. Nxe3 Re7 21. Rae1 Qe8
22. c4 Ne4 23. Bc1 a5 24. h3 f5 25. g4 fxg4 26. hxg4 Nc5 27. Bd2 Qf7 28. Bc3
Bxc3 29. Qxc3 Qg7 30. Qa3 Rae8 31. Qxa5 Nd3 32. Rd1 Nf4 33. Qxc7 Ne2+ 34. Kh2
Qh6+ 0-1

[Event "PRO League Group Stage"]
[Site "chess.com INT"]
[Date "2019.01.23"]
[Round "3"]
[White "Yu, Jennifer"]
[Black "Smith, Daniel"]
[Result "1-0"]
[WhiteTitle "FM"]
[WhiteElo "2313"]
[BlackElo "2047"]
[WhiteTeam "Pittsburgh Pawngrabbers"]
[BlackTeam "Montclair Sopranos"]
[WhiteFideId "2078341"]
[BlackFideId "2024195"]
[EventDate "2019.01.08"]

1. c4 Nf6 2. Nc3 c6 3. e4 e5 4. Nf3 d6 5. d4 Nbd7 6. Bg5 Qc7 7. Be2 h6 8. Be3
Ng4 9. Bc1 g6 10. h3 Ngf6 11. Be3 Bg7 12. Qd2 a6 13. dxe5 dxe5 14. b4 a5 15. b5
Bf8 16. a3 Bc5 17. Bxc5 Nxc5 18. Qe3 Ne6 19. b6 Qb8 20. g3 Qd6 21. Rd1 Qxa3 22.
Nxe5 Qc5 23. Qxc5 Nxc5 24. f3 Be6 25. Kf2 Ra6 26. Rb1 Ke7 27. Rhd1 Rha8 28. Ke3
a4 29. Rd2 Ra5 30. Ra2 Ncxe4 31. Nxc6+ bxc6 32. fxe4 Nd7 33. b7 Rb8 34. Rxa4
Rxa4 35. Nxa4 Kd6 36. h4 c5 37. Rb5 Kc6 38. e5 Nxe5 39. Rxc5+ Kd6 40. Rb5 Nxc4+
41. Kd4 Nd2 42. Nc5 Bd5 43. Na6 Nb3+ 44. Rxb3 Bxb3 45. Nxb8 Kc7 46. Na6+ Kxb7
47. Nc5+ Kc6 48. Nxb3 Kd6 49. Ke4 Ke7 50. Ke5 f6+ 51. Kf4 h5 52. Nd4 Kf7 53. Bd3
Kg7 54. Ne6+ Kf7 55. Nd8+ Ke7 56. Nc6+ Kf7 57. Ke4 Kg7 58. Kd5 g5 59. Ke6 gxh4
60. gxh4 Kh6 61. Kf5 Kg7 62. Be2 Kh6 63. Nd4 Kh7 64. Bxh5 Kh8 65. Kxf6 Kh7 66.
Kg5 Kg7 67. Bg6 Kh8 68. Nf3 Kg8 69. Ne5 Kh8 70. Kh6 Kg8 71. Nf7 Kf8 72. Kh7 Ke7
73. Kg7 1-0

[Event "PRO League Group Stage"]
[Site "chess.com INT"]
[Date "2019.01.23"]
[Round "3"]
[White "Saric, Ivan"]
[Black "Caruana, Fabiano"]
[Result "1-0"]
[WhiteTitle "GM"]
[BlackTitle "GM"]
[WhiteElo "2690"]
[BlackElo "2828"]
[WhiteTeam "Montreal Chessbrahs"]
[BlackTeam "Saint Louis Arch Bishops"]
[WhiteFideId "14508150"]
[BlackFideId "2020009"]
[EventDate "2019.01.08"]

1. e4 e5 2. Nf3 Nc6 3. Bb5 Nf6 4. O-O Nxe4 5. Re1 Nd6 6. Nxe5 Be7 7. Bf1 Nxe5 8.
Rxe5 O-O 9. d4 Bf6 10. Re1 Re8 11. Rxe8+ Nxe8 12. c3 d5 13. Bf4 Nd6 14. Nd2 c6
15. Qf3 Be6 16. Re1 Qd7 17. h3 Re8 18. Bd3 b6 19. Nf1 c5 20. dxc5 bxc5 21. Ng3
Be7 22. Nh5 Bf5 23. Bxd6 Bxd3 24. Rxe7 Rxe7 25. Bxe7 Bg6 26. Bxc5 1-0

[Event "PRO League Group Stage"]
[Site "chess.com INT"]
[Date "2019.01.23"]
[Round "3"]
[White "Hansen, Eric"]
[Black "So, Wesley"]
[Result "0-1"]
[WhiteTitle "GM"]
[BlackTitle "GM"]
[WhiteElo "2615"]
[BlackElo "2765"]
[WhiteTeam "Montreal Chessbrahs"]
[BlackTeam "Saint Louis Arch Bishops"]
[WhiteFideId "2606771"]
[BlackFideId "5202213"]
[EventDate "2019.01.08"]

1. e4 e5 2. Nf3 Nc6 3. Bb5 Nf6 4. O-O Nxe4 5. Re1 Nd6 6. Nxe5 Be7 7. Bf1 Nf5 8.
Nf3 O-O 9. d4 d5 10. c3 Bd6 11. Bd3 Re8 12. Rxe8+ Qxe8 13. Na3 Bxa3 14. bxa3 f6
15. Bf4 Qf7 16. Qc2 g6 17. Re1 Ng7 18. Qb3 b6 19. h3 Bf5 20. Bb5 Na5 21. Qb4 c6
22. Bf1 g5 23. Bg3 Be6 24. Nd2 Re8 25. Nb3 Nc4 26. Bxc4 dxc4 27. Nd2 Bd5 28.
Rxe8+ Qxe8 29. Qd6 Kf7 30. Kf1 Nf5 31. Qb8 Qe7 32. Qc7 Nxg3+ 33. Qxg3 Qxa3 34.
Qc7+ Kg6 0-1

[Event "PRO League Group Stage"]
[Site "chess.com INT"]
[Date "2019.01.23"]
[Round "3"]
[White "Ali Marandi, Cemil Can"]
[Black "Thavandiran, Shiyam"]
[Result "0-1"]
[WhiteTitle "GM"]
[BlackTitle "IM"]
[WhiteElo "2530"]
[BlackElo "2410"]
[WhiteTeam "Saint Louis Arch Bishops"]
[BlackTeam "Montreal Chessbrahs"]
[WhiteFideId "6300529"]
[BlackFideId "2605058"]
[EventDate "2019.01.08"]

1. d4 Nf6 2. Bf4 d5 3. e3 e6 4. Nd2 Bd6 5. Bg3 O-O 6. Bd3 c5 7. c3 Qc7 8. dxc5
Qxc5 9. Ngf3 Nbd7 10. Qe2 e5 11. e4 dxe4 12. Bxe4 Qc7 13. Bc2 Re8 14. O-O-O e4
15. Bxd6 Qxd6 16. Nxe4 Qf4+ 17. Qd2 Rxe4 18. Bxe4 Qxe4 19. Rhe1 Qa4 20. g4 Qxa2
21. g5 Qa1+ 22. Kc2 Qa4+ 23. Kb1 Nf8 24. Nd4 Nd5 25. Re5 Nb6 26. b3 Qa3 27. h4
Be6 28. Qb2 Qd6 29. Ree1 Bg4 30. Rd2 a5 31. c4 Qg6+ 32. Qc2 a4 33. Qxg6 hxg6 34.
f3 Bh3 35. c5 Nd5 36. Nb5 Be6 37. Nd4 Bd7 38. Re5 Bc6 39. Nxc6 bxc6 40. bxa4 Nd7
41. Rexd5 cxd5 42. Rxd5 Nf8 43. Rd4 Ne6 44. Rc4 Kf8 45. Kc2 Ke7 46. Kd2 Kd7 47.
Ke3 Kc6 48. f4 Nxc5 49. f5 Rxa4 50. Rxa4 Nxa4 51. Kf4 Nb6 52. fxg6 fxg6 53. Kg4
Nd5 54. h5 gxh5+ 55. Kxh5 Ne7 56. Kg4 Kd5 57. Kf4 Kd4 58. Kg4 Ke4 59. Kh5 Kf5
60. g6 Kf6 61. Kh4 Kxg6 0-1

[Event "PRO League Group Stage"]
[Site "chess.com INT"]
[Date "2019.01.23"]
[Round "3"]
[White "Bloomer, Josh"]
[Black "Rodrigue-Lemieux, Shawn"]
[Result "0-1"]
[BlackTitle "FM"]
[WhiteElo "1950"]
[BlackElo "2293"]
[WhiteTeam "Saint Louis Arch Bishops"]
[BlackTeam "Montreal Chessbrahs"]
[WhiteFideId "2020416"]
[BlackFideId "2620049"]
[EventDate "2019.01.08"]

1. e4 c6 2. d4 d5 3. exd5 cxd5 4. Bd3 Nc6 5. c3 Qc7 6. h3 Nf6 7. Nf3 g6 8. Qc2
Bg7 9. O-O O-O 10. Re1 Nh5 11. Be3 Nf4 12. Bf1 Ne6 13. Qc1 Bd7 14. Nbd2 Rfc8 15.
Nb3 a5 16. a4 b6 17. Qd2 Qd8 18. Nc1 Na7 19. Nd3 Qe8 20. Bh6 Bf6 21. Qd1 b5 22.
axb5 Nxb5 23. Nde5 Nd6 24. Bd3 Rcb8 25. Nxd7 Qxd7 26. Ne5 Qe8 27. Re2 Ne4 28. f3
Ng3 29. Rf2 Nh5 30. Qd2 Bh4 31. Rff1 Bg3 32. f4 f6 33. f5 fxe5 34. fxe6 Qc6 35.
Be2 Bf4 36. Bxf4 Nxf4 37. Bg4 Nxe6 38. dxe5 Nc5 39. Rad1 Rd8 40. Qh6 Rf8 41. Kh1
Ne4 42. Kh2 a4 43. Qe3 e6 44. c4 Kg7 45. cxd5 exd5 46. e6 Qd6+ 47. Kg1 Ng3 48.
Qd4+ Kh6 49. Qe3+ Kg7 50. Rxf8 Rxf8 51. Qd4+ Kh6 52. Qe3+ Kg7 53. e7 Re8 54. Re1
Ne4 55. Qd4+ Qf6 56. Qxf6+ Kxf6 57. Bd7 Rxe7 58. Bxa4 Ra7 59. Bc6 Ke5 60. Rd1
Nf6 61. b4 Ra2 62. b5 Rb2 63. Re1+ Ne4 64. Rd1 Nc3 65. Re1+ Kd6 66. Rf1 d4 67.
Rf7 Kc5 68. Rd7 Ne2+ 69. Kh1 Ng3+ 70. Kh2 Nf1+ 71. Kg1 Ne3 72. Rd8 h5 73. Rd7 g5
74. Rg7 g4 75. Rg5+ Kb6 76. Rg6 Ka5 77. hxg4 hxg4 78. Rg5 Kb6 79. Rg6 Kc5 80.
Bd7 Rxg2+ 81. Kh1 g3 82. Rc6+ Kb4 83. Rc1 Rh2+ 84. Kg1 Rg2+ 85. Kh1 Rf2 86. Bc6
g2+ 87. Kg1 Rf1+ 88. Kh2 g1=Q+ 0-1